000 00398nam a2200169Ia 4500
001 3374
005 20260306145638.0
008 260306t9999||||xx |||||||||||||| ||spa||
041 _aESP
082 _a270.2
_bC12 1992
100 _aCabrejos Vidarte, Miguel
_eAUT
245 0 _aV Centenario de la llegada de la fe
300 _a
_c
650 _aGEN
654 _aCHU
942 _cLIB
_dJUS
_fJUS
_2ddc
_n
999 _c3374
_d3374